Language Families - Extreme - PART 1 - Statistics

General Stats
  • This quiz has been taken 43 times
  • The average score is 19 of 78
Answer Stats
Contains Example(s) Location(s) Spoken Answer % Correct
382 Languages Arabic, Cushitic, Egyptian Arabian Peninsula & Northern Africa Afro-Asiatic
94%
1256 Languages Cebuano, Tagalog, Ilocano Indonesia and Surroundings Austronesian
86%
455 Languages English, Hindi (Urdu), French Eurasia Indo-European
81%
5 Languages Georgian, Svan, Laz Caucasia Kartvelian
81%
12 Languages Japanese, Miyako, Kikai Japan Japonic
78%
85 Languages Kannada, Tamil, Telugu South India Dravidian
75%
167 Languages Khmer, Vietnamese, Khasi Southeast Asia Austro-Asiatic
72%
2 Languages Jejueo, Korean Korean Peninsula Koreanic
67%
91 Languages Thai, Lao, Zhuang Indochina & Surroundings Kra-Dai
67%
92 Languages Haitian Creole, Pidgin No Specification Creole
61%
47 Languages Tlingit, Apache, Navajo North America Eyak-Athabaskan
61%
48 Languages Algonquin, Chippewa, Ojibwa Algonquian Territory Algic
58%
11 Languages Aleut, Inuktitut, Greenlandic Arctic Circle & Surroundings Eskimo-Aleut
58%
3 Languages Aymara, Jaqaru Peru & Bolivia Aymaran
56%
57 Languages Arawak, Atorada, Baniva South America Maipurean
56%
104 Languages Basque, Ainu, Sandawe All Around the World Language Isolate
50%
1 Language Esperanto No Specification Constructed
47%
2 Languages Southern Haida, Northern Haida Canadian Western Coast Haida
39%
5 Languages Arikara, Pawnee, Caddo Great Plains, United States Caddoan
33%
5 Languages Chukot, Chukchi, Alutor Far East Russia Chukotko-Kamchatkan
33%
13 Languages Cherokee, Huronian, Wendat Eastern United States Iroquoian
33%
14 Languages Aka-Bo, Onge, Sentinel Andaman Islands Andamanese
31%
39 Languages Shehua, Laba, Lingling Southern China Hmong-Mien
31%
1 Language Karajá Central Brazil Karajá
31%
1 Language † Kamakan Eastern Brazil Kamakanan
28%
2 Languages Eastern & Western Keres Southern United States Keresan
28%
1 Language † Lenca Honduras Lencan
28%
5 Languages Abkhaz, Adyghe, Abaza Caucasia Abkhaz-Adyghe
25%
1 Language Qawasqar Southern Chile Kaweskaran
25%
384 Languages Dhewal, Kriol, Ayerrerenge Australia Australian
22%
21 Languages Guaymí, Kuna, Buglere Central America Chibchan
22%
2 Languages † Chinook, Wasco-Wishram Washington State, United States Chinookan
22%
4 Languages ǂ’Amkhoe, !Kung(Im not joking) Southern Africa Kx'a
22%
16 Languages Xavante, Kaingáng, Xerente Central Brazil Jean
19%
31 Languages Atruahi, Ye'kuana, Yukpa Northern South America Cariban
17%
9 Languages Cochimi, Paipai, Mohave Baja California, Mexico Cochimí-Yuman
17%
2 Languages † Coos, Miluk West Oregon, United States Coosan
17%
6 Languages Kulina, Dení, Paumarí Western Brazil & Peru Arauan
14%
7 Languages Embera Catío, Epena Western Colombia Chocoan
14%
2 Languages † Tehuelche, Ona Eastern Argentina Chon
14%
1 Language Tol Honduras Jicaquean
14%
3 Languages Kaure, Kapauri, Kosare New Guinea Island Kaure
14%
3 Languages Borôro, Otuke, Umotína Central Brazil Bororoan
11%
2 Languages Chipaya, Uru Western Bolivia Chipaya-Uru
11%
5 Languages Cuiba, Guayabero, Guajibo Northeast Colombia Guajiboan
11%
2 Languages Arikapú, Jabutí Central Brazil Jabutian
11%
4 Languages Awajun, Shuar, Wampis Ecuador, Northern Peru Jivaroan
11%
13 Languages Tshuwau, Shua, Khwedam Southern Africa Khoe-Kwadi
11%
6 Languages Kiowa, Piro, Tiwa Central United States Kiowa-Tanoan
11%
4 Languages Maidu, Nisenan Western United States Maiduan
11%
2 Languages † Quileute, Chemakum Washington State, United States Chimakuan
8%
2 Languages † Cholón, Hibito Peru Cholonan
8%
5 Languages † Cotoname, Comecrudo Northeast Mexico Comecrudan
8%
6 Languages Sawiyanu, Bo, Nakwi New Guinea Island Arai
6%
3 Languages Awa-Cuaiquer, Chachi, Tsafiki Ecuador & Colombia Barbacoan
6%
15 Languages Awyi, Ainbai, Sowanda New Guinea Island Border
6%
12 Languages Burate, Woria, Sauri New Guinea Island East Geelvink Bay
6%
2 Languages Baibai, Momu New Guinea Island Fas
6%
5 Languages Pilagá, Mocoví, Kadiweu Paraguay & Surroundings Guaykuruan
6%
2 Languages Amarakaeri, Huachipaeri Peru Harákmbut
6%
20 Languages Awera, Rasawa, Fayu New Guinea Island Lakes Plain
6%
2 Languages Amto, Siawi New Guinea Island Amto-Musan
3%
3 Languages Andai, Nanubae, Tapei New Guinea Island Arafundi
3%
2 Languages Awbono, Bayono New Guinea Island Bayono-Awbono
3%
1 Language Krenak Eastern Brazil Botocudoan
3%
2 Languages Shawi, Jebero Peru Cahuapanan
3%
4 Languages Bilua, Touo, Savosavo Solomon Islands Central Solomons
3%
4 Languages Itene, Oro Win, Pakaásnovos Northern Bolivia Chapacuran
3%
6 Languages † Barbareño, Ineseño Southern California, United States Chumashan
3%
8 Languages Burmeso, Mantion, Meax New Guinea Island East Bird’s Head-Sentani
3%
4 Languages Huave San Dionisio del Mar Oaxaca, Southern Mexico Huavean
3%
3 Languages Katukína, Kanamarí, Katawixi Northern Brazil Katukinan
3%
4 Languages Wipi, Bine, Gizzra New Guinea Island Eastern Trans-Fly
0%
7 Languages Mali, Qaqet, Kairak New Guinea Island East New Britain
0%
6 Languages Amele, Fulumu, Isebe New Guinea Island Gum
0%
1 Language Meitei Southern Asia Kuki-Chin-Naga
0%
3 Languages Kwomtari, Muno, Nai New Guinea Island Kwontari
0%
2 Languages Warembori, Yoke New Guinea Island Lower Mamberano
0%
No matching quizzes found
Score Distribution
Percent of People with Each Score
Percentile by Number Answered
Your Score History
You have not taken this quiz